000 02040nam a2200433 i 4500
001 zcodcb b8608244
005 20251120133703.0
007 t||
008 240828s2024 nyua c 6 000 1 eng
010 _a 2023948765
020 _a9781250849908
_qhardcover
020 _a9781250360946
_qspecial edition
020 _a9781250360939
_qspecial edition
020 _a9781250360922
_qspecial edition
040 _aDLC
_beng
_erda
_cDLC
_dTnLvILS
042 _apcc
092 _ajunior graphic
_bGreen
100 1 _aGreen, John Patrick,
_d1975-
_eauthor.
_4aut.
_96434697
245 1 0 _aInvestiGators :
_bclass action /
_cby John Patrick Green
250 _aFirst edition.
264 1 _aNew York :
_bFirst Second,
_c2024.
300 _a200 pages :
_bchiefly color illustrations ;
_c22 cm.
336 _atext
337 _aunmediated
338 _avolume
490 _aInvestiGators :
_v8
520 _a"The InvestiGators are back...to school?! Mango and Brash have always been a class act but can these alligator detectives convincingly go undercover as average middle-school students? Why has the super-spy organization S.U.I.T. been assigned protection detail for a small-town team mascot? Is it a coincidence that the school happens to be the same one that Agent Mango (just barely) graduated from? Is Mango's family in danger? Will Brash pass home economics? Is Friday still pizza day?"--Provided by publisher.
521 8 _a07 to 10.
650 0 _aAlligators
_vComic books, strips, etc.
_96377950
650 0 _aPrivate investigators
_vComic books, strips, etc.
_95709965
650 0 _aCriminal investigation
_vComic books, strips, etc.
_96451162
650 1 _aAlligators
_vFiction.
_95732943
650 1 _aPrivate investigators
_vFiction.
_95674912
650 1 _aCriminal investigation
_vFiction.
_95709830
655 7 _aGraphic novels.
_2clgft.
655 7 _aComics (Graphic works)
_2clgft.
_95689343
700 1 _aDzioba, Wes,
_eillustrator.
_96394173
942 _2ddc
_cBOOK
999 _c401828
_d401828